000 00942nam a22002411c 4500
001 a987669904
008 130129s1982 gw |||| 000u ger d
100 1 _aPetrovic, Nikola
240 1 0 _aPlovidba i privreda srednjeg Podunavlja u doba merkantilizma
245 0 4 _aDie Schiffahrt und Wirtschaft im mittleren Donauraum in der Zeit des Merkantilismus :
_bder Bau des Donau-Theiss-, des Franzens-Kanals und die Bestrebungen gegen Ende des XVIII. Jahrhunderts, den mittleren Donauraum mit dem Adriatischen Meer zu verbinden
246 1 0 _aNavigation and the economy in the Central Danube basin in the age of mercantilism
264 _aBeograd [u.a.],
_c1982
300 _a565 S.
648 0 _a1780-1867
650 0 _aBinnenschifffahrt
650 0 _aWirtschaft
650 0 _aDonau-Theiß-Kanal
650 0 _aFranzens-Kanal
651 0 _aMittlere Donau <Region>
942 _cMG
040 _cRU-10907106
003 RU-10907106
999 _c24424
_d24424